[Event "AUTO-MASTER-756"]
[Site "http://www.queenalice.com/game.php?id=551420"]
[Date "2009.3.6"]
[Round "1"]
[White "fatharry"]
[Black "Alligator427"]
[Result "0-1"]
[WhiteElo "1995"]
[BlackElo "2167"]

1. e4 c5 2. f4 e6 3. Nf3 Nc6 4. d4 cxd4 5. Nxd4 d5 6. Bb5 Bd7 7. exd5 Nxd4 8.
Bxd7+ Qxd7 9. Qxd4 exd5 10. Be3 Nf6 11. Nc3 b6 12. O-O-O Rd8 13. Rd2 Be7 14.
Rhd1 O-O 15. Nxd5 Nxd5 16. Qxd5 Qa4 17. Qb3 Qe4 18. Rxd8 Rxd8 19. Rxd8+ Bxd8 20.
Qd3 Qa8 21. Qe2 Bf6 22. c3 Qe4 23. Kd2 Qd5+ 24. Bd4 h6 25. Kd3 Bxd4 26. cxd4
Qxa2 27. Qe8+ Kh7 28. Kc2 Qc4+ 29. Kb1 Qxd4 30. Qxf7 Qe4+ 31. Ka2 Qxg2 32. f5 a5
33. Ka3 Qf3+ 34. b3 Qc6 35. h4 b5 36. h5 Qf6 0-1

[Event "AUTO-MASTER-756"]
[Site "http://www.queenalice.com/game.php?id=551421"]
[Date "2009.3.6"]
[Round "1"]
[White "Alligator427"]
[Black "fatharry"]
[Result "1-0"]
[WhiteElo "2150"]
[BlackElo "2005"]

1. e4 e5 2. Nf3 Nc6 3. d4 exd4 4. Nxd4 Bc5 5. Be3 Qf6 6. c3 Nge7 7. Nc2 Bxe3 8.
Nxe3 O-O 9. Na3 a6 10. Bd3 b5 11. Nac2 Bb7 12. O-O Ne5 13. Ng4 Nxg4 14. Qxg4 Ng6
15. f4 Rad8 16. Nd4 Qb6 17. Kh1 f6 18. h4 Rfe8 19. h5 Nf8 20. Rae1 c5 21. Nf5 g6
22. hxg6 hxg6 23. Nh4 Kf7 24. f5 g5 25. Qh5+ Ke7 26. e5 gxh4 27. exf6+ Kd6 28.
Rxe8 h3 29. Be4 hxg2+ 30. Bxg2 Bxg2+ 31. Kxg2 Kc7 32. f7 d6 33. Rfe1 1-0

[Event "Challenge"]
[Site "http://www.queenalice.com/game.php?id=552916"]
[Date "2009.3.9"]
[Round "-"]
[White "quifaiquoi"]
[Black "fatharry"]
[Result "1-0"]
[WhiteElo "2038"]
[BlackElo "1991"]

1. c4 e5 2. Nc3 f5 3. d3 Nf6 4. Bg5 c6 5. e3 d5 6. cxd5 cxd5 7. Qb3 d4 8. Qb5+
Nc6 9. exd4 exd4 10. Nb1 Be7 11. Nf3 O-O 12. Be2 Qc7 13. O-O Bd6 14. Nbd2 Be6
15. Rfc1 a6 16. Qa4 b5 17. Qd1 Qb6 18. Ne1 Nd5 19. Nb3 f4 20. Nf3 h6 21. Bh4 g5
22. Bxg5 hxg5 23. Nxg5 Rf6 24. Nxe6 Rxe6 25. Rxc6 Qxc6 26. Nxd4 Qd7 27. Bg4 Nc7
28. Bxe6+ Nxe6 29. Qg4+ Kf7 30. Qf5+ 1-0

[Event "Challenge"]
[Site "http://www.queenalice.com/game.php?id=552917"]
[Date "2009.3.9"]
[Round "-"]
[White "fatharry"]
[Black "quifaiquoi"]
[Result "1-0"]
[WhiteElo "1992"]
[BlackElo "2079"]

1. e4 c5 2. f4 Nc6 3. Nf3 d6 4. Bc4 h6 5. O-O Bg4 6. c3 Nf6 7. d3 a6 8. Be3 e6
9. Nbd2 Be7 10. a4 O-O 11. h3 Bh5 12. f5 d5 13. Ba2 Ne5 14. g4 Nfxg4 15. hxg4
Bxg4 16. Qb3 Nxf3+ 17. Nxf3 c4 18. dxc4 dxe4 19. Nd4 exf5 20. Nxf5 Bxf5 21. Rxf5
Qd3 22. Qb6 Qe2 23. Rf2 Qg4+ 24. Rg2 Qh4 25. Qxh6 Qxh6 26. Bxh6 Bf6 27. Rf1 Be5
28. Rf5 Rfe8 29. c5 Kh7 30. Bf4 Bxf4 31. Rxf4 Re7 32. Rxf7 Rxf7 33. Bxf7 Kh6 34.
Rg6+ Kh7 35. Re6 g5 36. Rxe4 Kg7 37. Bd5 Rd8 38. Bxb7 Rd1+ 39. Kf2 Rd2+ 40. Re2
Rd1 41. c6 1-0

[Event "Combate"]
[Site "http://www.queenalice.com/game.php?id=558032"]
[Date "2009.3.18"]
[Round "-"]
[White "fatharry"]
[Black "Papachibe"]
[Result "1-0"]
[WhiteElo "1977"]
[BlackElo "1959"]

1. e4 c5 2. Nf3 Nc6 3. d4 cxd4 4. Nxd4 d6 5. c4 g6 6. Nc3 Bg7 7. Be3 Nf6 8. Be2
Bd7 9. O-O O-O 10. Rc1 Rc8 11. Qd2 Re8 12. f4 e6 13. Ndb5 Bf8 14. Nxd6 Bxd6 15.
Qxd6 a6 16. Rcd1 Qc7 17. e5 Qxd6 18. Rxd6 1-0

[Event "Challenge"]
[Site "http://www.queenalice.com/game.php?id=561777"]
[Date "2009.3.26"]
[Round "-"]
[White "quifaiquoi"]
[Black "fatharry"]
[Result "1-0"]
[WhiteElo "2052"]
[BlackElo "2003"]

1. c4 e5 2. Nc3 f5 3. d3 Nf6 4. Nf3 Nc6 5. Bg5 Bc5 6. a3 e4 7. dxe4 fxe4 8. Bxf6
gxf6 9. Nxe4 Qe7 10. Nxc5 Qxc5 11. e3 d6 12. b4 Qf5 13. Nd4 Nxd4 14. Qxd4 Bd7
15. Bd3 Qg5 16. Qe4+ Kf7 17. Qxb7 Rhc8 18. Qd5+ Qxd5 19. cxd5 a5 20. Ke2 h5 21.
b5 a4 22. Rhc1 f5 23. Rc3 1-0

[Event "Challenge"]
[Site "http://www.queenalice.com/game.php?id=561778"]
[Date "2009.3.26"]
[Round "-"]
[White "fatharry"]
[Black "quifaiquoi"]
[Result "0-1"]
[WhiteElo "2011"]
[BlackElo "2062"]

1. e4 d5 2. exd5 Qxd5 3. Nf3 Bg4 4. Be2 Nf6 5. O-O e6 6. d4 Bd6 7. c4 Qh5 8. h3
Bxh3 9. Ng5 Bg4 10. f3 Bg3 0-1

[Event "AUTO-MASTER-783"]
[Site "http://www.queenalice.com/game.php?id=573069"]
[Date "2009.4.16"]
[Round "1"]
[White "nemesisdebogota"]
[Black "fatharry"]
[Result "1-0"]
[WhiteElo "2116"]
[BlackElo "2004"]

1. d4 d5 2. c4 e5 3. dxe5 d4 4. Nf3 Nc6 5. g3 Bb4+ 6. Bd2 Qe7 7. Bg2 Bf5 8. O-O
O-O-O 9. Bg5 f6 10. exf6 gxf6 11. Bf4 Qe6 12. a3 Bd6 13. Nxd4 Qxc4 14. Nxc6 bxc6
15. Nd2 Qb5 16. Be3 Bc5 17. Bxc5 Qxc5 18. Rc1 Qa5 19. Nc4 Qb5 20. Qe1 Be6 21.
Na5 Ne7 22. Qc3 Nd5 23. Qxc6 Qxa5 24. Qxe6+ Kb8 25. Rfd1 Rd6 26. Rxd5 Rxe6 27.
Rxa5 Rxe2 28. Rac5 1-0

[Event "AUTO-MASTER-783"]
[Site "http://www.queenalice.com/game.php?id=573070"]
[Date "2009.4.16"]
[Round "1"]
[White "fatharry"]
[Black "nemesisdebogota"]
[Result "0-1"]
[WhiteElo "2017"]
[BlackElo "2107"]

1. e4 e6 2. d4 d5 3. Nc3 Nf6 4. Bg5 Bb4 5. e5 h6 6. exf6 hxg5 7. fxg7 Rg8 8. Qh5
Qf6 9. O-O-O Bxc3 10. bxc3 Qxg7 11. Nf3 Nd7 12. c4 Nf6 13. Qxg5 Qxg5+ 14. Nxg5
Rxg5 15. f4 Rg7 16. cxd5 Nxd5 17. g3 Nc3 18. Rd3 Nxa2+ 19. Kb2 Nb4 20. Re3 Bd7
21. c3 Nd5 22. Re5 O-O-O 23. Bg2 Rh8 24. Bf3 Bc6 25. f5 Nb6 26. Bxc6 bxc6 27.
Kb3 Kd7 28. fxe6+ fxe6 29. Ra5 Rxg3 0-1

[Event "AUTO-MASTER-783"]
[Site "http://www.queenalice.com/game.php?id=573085"]
[Date "2009.4.16"]
[Round "1"]
[White "fatharry"]
[Black "Danton"]
[Result "0-1"]
[WhiteElo "2032"]
[BlackElo "2213"]

1. e4 c5 2. f4 Nf6 3. Nc3 d5 4. e5 d4 5. exf6 dxc3 6. bxc3 exf6 7. Bb5+ Nc6 8.
Nf3 Bd6 9. d4 cxd4 10. cxd4 Qa5+ 11. Kf2 Qxb5 12. Re1+ Kd8 13. Be3 Re8 14. Rb1
Qa4 15. Qd3 Nb4 16. Qd2 Nxc2 0-1

[Event "AUTO-MASTER-783"]
[Site "http://www.queenalice.com/game.php?id=573086"]
[Date "2009.4.16"]
[Round "1"]
[White "Danton"]
[Black "fatharry"]
[Result "1-0"]
[WhiteElo "2205"]
[BlackElo "1989"]

1. d4 d5 2. c4 Nf6 3. cxd5 Qxd5 4. Nc3 Qh5 5. Nf3 e6 6. e4 Bb4 7. Bd3 O-O 8. O-O
b6 9. e5 Ng4 10. h3 Nh6 11. Bxh7+ Kxh7 12. Ng5+ Kg6 13. Ne2 1-0

[Event "AUTO-MASTER-783"]
[Site "http://www.queenalice.com/game.php?id=573087"]
[Date "2009.4.16"]
[Round "1"]
[White "fatharry"]
[Black "jolomol"]
[Result "1-0"]
[WhiteElo "1982"]
[BlackElo "1985"]

1. e4 e5 2. Nf3 Nf6 3. Bc4 Nc6 4. O-O Bc5 5. d4 Bxd4 6. Nxd4 Nxd4 7. Bg5 O-O 8.
f4 Ne6 9. Bxe6 fxe6 10. fxe5 h6 11. Bh4 g5 12. exf6 gxh4 13. Qg4+ Kf7 14. Qg7+
Ke8 15. f7+ Ke7 16. Qf6+ Kd6 17. Qxd8 Rxd8 18. f8=Q+ 1-0

[Event "AUTO-MASTER-783"]
[Site "http://www.queenalice.com/game.php?id=573088"]
[Date "2009.4.16"]
[Round "1"]
[White "jolomol"]
[Black "fatharry"]
[Result "0-1"]
[WhiteElo "1765"]
[BlackElo "2023"]

1. e4 e5 2. Nf3 Nc6 3. d4 exd4 4. Nxd4 Bc5 5. Nb3 Bxf2+ 6. Kxf2 Qh4+ 7. g3 Qxe4
8. Bg2 Qf5+ 9. Bf3 d6 10. Re1+ Be6 11. Kg1 O-O-O 12. Bxc6 bxc6 13. Qe2 Nf6 14.
Qa6+ Kd7 15. Nd4 Qc5 16. Be3 Bc4 17. Qa3 Qh5 18. Nd2 Bd5 19. c4 Be6 20. Nxe6
fxe6 21. c5 d5 22. Bf4 Ng4 23. Nf3 Ke7 24. Bxc7 Rhf8 25. Bd6+ Rxd6 26. cxd6+ Kd7
0-1

[Event "Challenge"]
[Site "http://www.queenalice.com/game.php?id=574787"]
[Date "2009.4.20"]
[Round "-"]
[White "quifaiquoi"]
[Black "fatharry"]
[Result "1-0"]
[WhiteElo "2120"]
[BlackElo "2016"]

1. c4 d5 2. cxd5 Nf6 3. Nc3 Nxd5 4. Nxd5 Qxd5 5. Nf3 Nc6 6. g3 e5 7. Bg2 f5 8.
O-O Be7 9. d3 O-O 10. Bd2 Be6 11. Bc3 Qd6 12. Qa4 a6 13. Rfc1 b5 14. Qc2 Rad8
15. a3 Bf6 16. Bd2 Bd7 17. e3 e4 18. Ne1 exd3 19. Nxd3 Ne7 20. Bb4 Qb6 21. Qxc7
Qxc7 22. Rxc7 Rfe8 23. Bc3 Bxc3 24. Rxc3 Be6 25. Nf4 Bf7 26. Rac1 g5 27. Nd3 Ng6
28. Bb7 Rd6 29. Nc5 Ne5 30. b4 Red8 31. Nxa6 Nc4 32. a4 Rb6 33. Nc5 Nd6 34. a5
Rxb7 35. Nxb7 Nxb7 36. Rc8 Bc4 37. Rxd8+ Nxd8 38. a6 Nc6 39. Rd1 Be2 40. Rd7
Nxb4 41. a7 Bf3 42. a8=Q+ Bxa8 43. Rd8+ 1-0

[Event "Challenge"]
[Site "http://www.queenalice.com/game.php?id=574788"]
[Date "2009.4.20"]
[Round "-"]
[White "fatharry"]
[Black "quifaiquoi"]
[Result "0-1"]
[WhiteElo "2029"]
[BlackElo "2122"]

1. e4 c5 2. Nf3 Nc6 3. d4 cxd4 4. Nxd4 d6 5. c4 Qb6 6. Nb5 a6 7. Be3 Qd8 8. Qa4
Bd7 9. N5c3 Nf6 10. Qc2 g6 11. a3 Bg7 12. Nd5 O-O 13. Nbc3 Ng4 14. Bb6 Qc8 15.
b4 e6 16. Ne3 Nxe3 17. Bxe3 Ne5 18. c5 dxc5 19. Bxc5 Re8 20. Rc1 Bc6 21. Be2 Qc7
22. O-O b6 23. Be3 Qb7 24. f3 Rac8 25. Na4 Bb5 26. Qb3 Bxe2 27. Rxc8 Rxc8 28.
Rf2 Bc4 29. Qb1 Rc6 0-1

[Event "QA-ANNIV-04"]
[Site "http://www.queenalice.com/game.php?id=578040"]
[Date "2009.4.26"]
[Round "5"]
[White "fatharry"]
[Black "anandya"]
[Result "1-0"]
[WhiteElo "2005"]
[BlackElo "1873"]

1. e4 e5 2. Nf3 d6 3. d4 Qe7 4. Nc3 Bg4 5. Bc4 h6 6. dxe5 Bxf3 7. Qxf3 dxe5 8.
Be3 Nf6 9. O-O-O Nc6 10. Nd5 Nxd5 11. exd5 Nb4 12. Bb5+ Kd8 13. a3 a6 14. Ba4 b5
15. Bb3 Nxc2 16. Kxc2 e4 17. Qf4 Qd6 18. Qxf7 Kc8 19. Qf5+ Kb7 20. Qxe4 Be7 21.
Rd3 Rac8 22. Rc3 c6 23. dxc6+ Rxc6 24. Bd5 Rc8 25. Kb1 Bf6 26. Rxc6 Rxc6 27. Rc1
Qe5 28. Bxc6+ 1-0

[Event "QA-ANNIV-04"]
[Site "http://www.queenalice.com/game.php?id=644187"]
[Date "2009.8.29"]
[Round "6"]
[White "omentus64"]
[Black "fatharry"]
[Result "0-1"]
[WhiteElo "1934"]
[BlackElo "1992"]

1. e4 e5 2. f4 d5 3. exd5 e4 4. Bc4 Nf6 5. d4 exd3 6. Qxd3 Bc5 7. Be3 Qe7 8. Kd2
O-O 9. Nf3 Nbd7 10. Nc3 Ng4 11. Rae1 Qd6 12. Bxc5 Nxc5 13. Qd4 Bf5 14. h3 Nf6
15. g4 Nfe4+ 16. Nxe4 Qxf4+ 17. Qe3 Qxe3+ 18. Rxe3 Bxe4 19. Rhe1 Bxf3 20. Rxf3
Rad8 21. Rfe3 c6 22. Kc1 cxd5 23. Bd3 d4 24. Re7 g6 25. b4 Nxd3+ 26. cxd3 Rb8
27. Rd7 Rfd8 0-1

[Event "Challenge"]
[Site "http://www.queenalice.com/game.php?id=659642"]
[Date "2009.9.28"]
[Round "-"]
[White "quifaiquoi"]
[Black "fatharry"]
[Result "1-0"]
[WhiteElo "2165"]
[BlackElo "2001"]

1. c4 e5 2. Nc3 f5 3. d3 Nf6 4. g3 Nc6 5. Bg2 Bc5 6. a3 O-O 7. b4 Bd4 8. Bb2 a5
9. b5 Ne7 10. Nf3 c5 11. bxc6 Nxc6 12. O-O d6 13. e3 Bb6 14. Qb3 Be6 15. Ng5 Bf7
16. Nxf7 Rxf7 17. Nd5 Ba7 18. Nxf6+ Qxf6 19. Bd5 Rf8 20. Qxb7 Ne7 21. Bxf7+ 1-0

[Event "Challenge"]
[Site "http://www.queenalice.com/game.php?id=659643"]
[Date "2009.9.28"]
[Round "-"]
[White "fatharry"]
[Black "quifaiquoi"]
[Result "0-1"]
[WhiteElo "1992"]
[BlackElo "2173"]

1. e4 c5 2. f4 Nc6 3. Nf3 d6 4. c3 Bg4 5. Be2 Qb6 6. O-O Nf6 7. Na3 c4+ 8. Kh1
Nxe4 9. Qe1 d5 10. Bxc4 Bxf3 11. Rxf3 Nxd2 12. Bxd2 dxc4 13. Nxc4 Qc7 14. Rd1
Nd4 15. Ne5 Nxf3 16. Nxf3 g6 17. Qe2 Bg7 18. Qb5+ Kf8 19. Be3 a6 20. Qb3 Bf6 21.
Ne5 Bxe5 22. fxe5 b5 23. e6 Qc4 24. Qxc4 bxc4 25. exf7 Kxf7 26. Rd7 Rhd8 27. Rc7
Rab8 0-1

[Event "Challenge #01"]
[Site "http://www.queenalice.com/game.php?id=662679"]
[Date "2009.10.4"]
[Round "-"]
[White "Aylton"]
[Black "fatharry"]
[Result "0-1"]
[WhiteElo "1965"]
[BlackElo "2006"]

1. d4 Nf6 2. Nf3 g6 3. e3 Bg7 4. c4 O-O 5. Nc3 d6 6. h3 Nbd7 7. Be2 c5 8. O-O
Ne8 9. a3 e5 10. dxe5 Nxe5 11. Nxe5 Bxe5 12. Bd2 b6 13. f4 Bg7 14. Bf3 Rb8 15.
b4 Qe7 16. Qe2 f5 17. b5 Nf6 18. a4 Bb7 19. Bxb7 Qxb7 20. Rac1 Rfe8 21. Qf3 Ne4
22. Nxe4 Rxe4 23. Rfe1 Ra8 24. a5 a6 25. bxa6 Qxa6 26. axb6 Qxb6 27. Kf2 Ra4 28.
Qe2 Qb3 29. Kf3 Raxc4 30. Rxc4 Qxc4 31. Qxc4+ Rxc4 32. Rc1 Rxc1 33. Bxc1 Kf7 34.
e4 Ke6 35. exf5+ gxf5 36. g4 c4 37. Ke3 fxg4 38. hxg4 Kd5 39. f5 Bh6+ 0-1

[Event "Challenge #02"]
[Site "http://www.queenalice.com/game.php?id=662680"]
[Date "2009.10.4"]
[Round "-"]
[White "fatharry"]
[Black "Aylton"]
[Result "0-1"]
[WhiteElo "2020"]
[BlackElo "1951"]

1. e4 c5 2. Nf3 Nc6 3. d4 cxd4 4. Nxd4 e5 5. Nb5 d6 6. c4 a6 7. N5c3 f5 8. Be2
Nf6 9. O-O fxe4 10. Bg5 Bf5 11. Nd5 Be7 12. Nxe7 Qxe7 13. Nc3 O-O-O 14. Re1 h6
15. Nd5 Qf7 16. Bxf6 gxf6 17. Bh5 Qg7 18. Re3 Rdg8 19. Rg3 Qf8 20. Qb3 Rxg3 21.
hxg3 Nd4 22. Qb6 Qd8 23. Qxd8+ Kxd8 24. Nxf6 Ke7 25. Nd5+ Ke6 26. Re1 Rc8 27. b3
b5 28. g4 Bh7 29. g5 hxg5 30. Bg4+ Bf5 31. Rxe4 Bxg4 32. Rxg4 bxc4 33. bxc4 Rxc4
34. Ne3 Rc1+ 35. Kh2 Ra1 36. Rxg5 Rxa2 37. Kg3 a5 38. Nc4 Kd5 39. Nb6+ Kc5 40.
Nd7+ Kc6 41. Rg7 Nf5+ 0-1